[Event "Prague Open 2022 - A IM Open"]
[Site "Olympik hotel, Prague"]
[Date "2022.01.08"]
[Round "3"]
[Board "7"]
[White "Vojta, Jakub"]
[Black "Blahynka, Martin"]
[Result "1-0"]
[WhiteElo "2216"]
[BlackElo "2391"]
[PlyCount "0"]
[EventDate "2022.01.07"]
[EventRounds "9"]
[EventCountry "CZE"]

1. c4 {[%clk 1:30:57]} Nf6 {[%clk 1:29:51]} 2. g3 {[%clk 1:31:14]} e6
{[%clk 1:29:50]} 3. Bg2 {[%clk 1:31:38]} d5 {[%clk 1:30:07]} 4. Nf3
{[%clk 1:31:41]} Be7 {[%clk 1:29:34]} 5. b3 {[%clk 1:31:40]} d4 {[%clk 1:27:04]}
6. Bb2 {[%clk 1:31:29]} Nc6 {[%clk 1:18:29]} 7. O-O {[%clk 1:26:55]} O-O
{[%clk 1:18:36]} 8. e3 {[%clk 1:25:37]} e5 {[%clk 1:18:49]} 9. exd4
{[%clk 1:25:40]} exd4 {[%clk 1:19:13]} 10. Na3 {[%clk 1:22:27]} Bf5
{[%clk 1:11:41]} 11. d3 {[%clk 1:20:06]} Bc5 {[%clk 1:05:24]} 12. Nc2
{[%clk 1:20:01]} Qd7 {[%clk 0:56:56]} 13. Re1 {[%clk 1:19:40]} Rae8
{[%clk 0:49:20]} 14. Qd2 {[%clk 1:19:13]} Qd6 {[%clk 0:44:54]} 15. a3
{[%clk 1:15:40]} a5 {[%clk 0:43:37]} 16. Nh4 {[%clk 1:07:38]} Bg4
{[%clk 0:40:14]} 17. Bxc6 {[%clk 0:53:57]} Qxc6 {[%clk 0:38:50]} 18. b4
{[%clk 0:54:19]} axb4 {[%clk 0:15:58]} 19. axb4 {[%clk 0:54:42]} Qb6
{[%clk 0:15:51]} 20. Qg5 {[%clk 0:48:16]} Rxe1+ {[%clk 0:15:10]} 21. Rxe1
{[%clk 0:48:33]} Bxb4 {[%clk 0:15:20]} 22. Bxd4 {[%clk 0:46:54]} h6
{[%clk 0:14:58]} 23. Qf4 {[%clk 0:27:48]} Bd6 {[%clk 0:04:42]} 24. Qxf6
{[%clk 0:24:15]} gxf6 {[%clk 0:05:08]} 25. Bxb6 {[%clk 0:24:40]} cxb6
{[%clk 0:05:34]} 26. Kg2 {[%clk 0:23:12]} Rd8 {[%clk 0:04:40]} 27. Ne3
{[%clk 0:21:45]} Be6 {[%clk 0:03:11]} 28. d4 {[%clk 0:20:45]} Kh7
{[%clk 0:02:53]} 29. Rb1 {[%clk 0:19:41]} Bc7 {[%clk 0:02:28]} 30. d5
{[%clk 0:19:38]} Bd7 {[%clk 0:02:23]} 31. Nhf5 {[%clk 0:14:49]} b5
{[%clk 0:02:45]} 32. g4 {[%clk 0:08:26]} Bb6 {[%clk 0:00:34]} 33. Nd6
{[%clk 0:08:31]} Bxe3 {[%clk 0:00:52]} 34. fxe3 {[%clk 0:08:37]} bxc4
{[%clk 0:01:14]} 35. Nxc4 {[%clk 0:07:08]} Bxg4 {[%clk 0:00:33]} 36. e4
{[%clk 0:02:03]} Be2 {[%clk 0:00:45]} 37. Ne3 {[%clk 0:02:23]} Bd3
{[%clk 0:00:38]} 38. Rb4 {[%clk 0:02:42]} b5 {[%clk 0:00:34]} 39. Kf3
{[%clk 0:03:03]} Kg6 {[%clk 0:00:34]} 40. Rd4 {[%clk 0:01:57]} Bb1
{[%clk 0:00:37]} 41. Rb4 {[%clk 0:02:26]} Bd3 {[%clk 0:30:25]} 42. Nf5
{[%clk 0:25:10]} Kg5 {[%clk 0:22:00]} 43. h4+ {[%clk 0:23:07]} Kh5
{[%clk 0:21:45]} 44. Rb2 {[%clk 0:17:55]} Rg8 {[%clk 0:08:37]} 45. Ng3+
{[%clk 0:17:03]} Kg6 {[%clk 0:08:11]} 46. Ke3 {[%clk 0:16:35]} Bc4
{[%clk 0:07:15]} 47. Kd4 {[%clk 0:16:39]} Rc8 {[%clk 0:03:12]} 48. Nf5
{[%clk 0:16:08]} Kh5 {[%clk 0:03:37]} 49. Rg2 {[%clk 0:11:22]} Bb3
{[%clk 0:03:02]} 50. Rb2 {[%clk 0:04:21]} Bc4 {[%clk 0:02:42]} 51. Nd6
{[%clk 0:04:18]} Rf8 {[%clk 0:03:08]} 52. Nxb5 {[%clk 0:02:49]} Bxb5
{[%clk 0:03:34]} 53. Rxb5 {[%clk 0:03:15]} Kxh4 {[%clk 0:03:57]} 54. d6
{[%clk 0:03:39]} Kg4 {[%clk 0:03:50]} 55. Rf5 {[%clk 0:03:37]} h5
{[%clk 0:03:33]} 56. Kd5 {[%clk 0:03:34]} h4 {[%clk 0:03:47]} 57. Rxf6
{[%clk 0:03:37]} h3 {[%clk 0:02:12]} 58. Rh6 {[%clk 0:03:07]} Kg3
{[%clk 0:01:06]} 59. d7 {[%clk 0:03:19]} Ra8 {[%clk 0:01:18]} 60. Rh7
{[%clk 0:01:08]} Ra1 {[%clk 0:00:39]} 61. Kd6 {[%clk 0:00:57]} Kf4
{[%clk 0:00:33]} 62. Ke7 {[%clk 0:00:44]} Rd1 {[%clk 0:00:34]} 63. d8=Q
{[%clk 0:00:45]} Rxd8 {[%clk 0:00:56]} 64. Rxf7+ {[%clk 0:00:57]}  1-0

[Event "Prague Open 2022 - A IM Open"]
[Site "Olympik hotel, Prague"]
[Date "2022.01.08"]
[Round "3"]
[Board "8"]
[White "Fus, Jakub"]
[Black "Stanojevic, Ilija"]
[Result "1-0"]
[WhiteElo "2385"]
[BlackElo "2184"]
[PlyCount "0"]
[EventDate "2022.01.07"]
[EventRounds "9"]
[EventCountry "CZE"]

1. Nf3 {[%clk 1:24:32]} e6 {[%clk 1:30:37]} 2. c4 {[%clk 1:19:22]} f5
{[%clk 1:30:44]} 3. Nc3 {[%clk 1:15:46]} Nf6 {[%clk 1:30:54]} 4. d4
{[%clk 1:15:36]} d6 {[%clk 1:29:19]} 5. Qc2 {[%clk 1:14:37]} Be7 {[%clk 1:24:17]}
6. e4 {[%clk 1:13:56]} Nc6 {[%clk 1:04:59]} 7. exf5 {[%clk 1:10:17]} exf5
{[%clk 1:04:48]} 8. d5 {[%clk 1:10:35]} Ne5 {[%clk 1:03:28]} 9. Nd4
{[%clk 1:10:52]} g6 {[%clk 1:01:36]} 10. f4 {[%clk 1:10:17]} Neg4
{[%clk 0:57:07]} 11. h3 {[%clk 1:06:15]} Nh6 {[%clk 0:55:13]} 12. Be3
{[%clk 0:58:46]} Nh5 {[%clk 0:37:22]} 13. O-O-O {[%clk 0:58:01]} Ng3
{[%clk 0:37:03]} 14. Rg1 {[%clk 0:57:44]} Nxf1 {[%clk 0:36:44]} 15. Rdxf1
{[%clk 0:57:37]} O-O {[%clk 0:35:45]} 16. Re1 {[%clk 0:56:22]} Bf6
{[%clk 0:32:01]} 17. Bf2 {[%clk 0:53:38]} Re8 {[%clk 0:17:42]} 18. Ne6
{[%clk 0:44:18]} Bxe6 {[%clk 0:16:44]} 19. dxe6 {[%clk 0:44:44]} c6
{[%clk 0:06:21]} 20. g4 {[%clk 0:44:10]} fxg4 {[%clk 0:04:53]} 21. hxg4
{[%clk 0:43:50]} d5 {[%clk 0:02:48]} 22. f5 {[%clk 0:36:36]} Qd6 {[%clk 0:00:32]}
23. Be3 {[%clk 0:35:13]} g5 {[%clk 0:00:32]} 24. Qd2 {[%clk 0:34:18]} Qe7
{[%clk 0:00:33]} 25. cxd5 {[%clk 0:34:06]} Red8 {[%clk 0:00:32]} 26. Bd4
{[%clk 0:34:13]} cxd5 {[%clk 0:00:33]} 27. Bxf6 {[%clk 0:33:44]} Qxf6
{[%clk 0:00:57]} 28. Nxd5 {[%clk 0:32:00]} Rac8+ {[%clk 0:01:21]} 29. Kb1
{[%clk 0:32:25]} Qg7 {[%clk 0:01:27]} 30. f6 {[%clk 0:32:10]}  1-0

[Event "Prague Open 2022 - A IM Open"]
[Site "Olympik hotel, Prague"]
[Date "2022.01.08"]
[Round "3"]
[Board "9"]
[White "Zadrapa, Radek"]
[Black "Kozak, Antoni"]
[Result "0-1"]
[WhiteElo "2021"]
[BlackElo "2377"]
[PlyCount "0"]
[EventDate "2022.01.07"]
[EventRounds "9"]
[EventCountry "CZE"]

1. e4 {[%clk 1:30:57]} c6 {[%clk 1:21:34]} 2. d4 {[%clk 1:31:23]} d5
{[%clk 1:22:00]} 3. e5 {[%clk 1:31:48]} Bf5 {[%clk 1:22:26]} 4. Nf3
{[%clk 1:32:10]} e6 {[%clk 1:22:51]} 5. Nbd2 {[%clk 1:30:54]} c5 {[%clk 1:08:36]}
6. dxc5 {[%clk 1:26:23]} Bxc5 {[%clk 1:06:22]} 7. Nb3 {[%clk 1:24:57]} Bb6
{[%clk 0:59:23]} 8. Nbd4 {[%clk 1:17:16]} Bg4 {[%clk 0:54:21]} 9. c3
{[%clk 1:15:33]} Nd7 {[%clk 0:53:29]} 10. Qa4 {[%clk 1:11:26]} Ne7
{[%clk 0:49:47]} 11. Bg5 {[%clk 1:01:15]} O-O {[%clk 0:37:33]} 12. Nc6
{[%clk 0:54:58]} bxc6 {[%clk 0:37:59]} 13. Qxg4 {[%clk 0:55:21]} Qe8
{[%clk 0:38:16]} 14. Bd3 {[%clk 0:54:07]} Ng6 {[%clk 0:34:56]} 15. Qh5
{[%clk 0:48:19]} Bc7 {[%clk 0:26:52]} 16. Bf4 {[%clk 0:47:42]} f5
{[%clk 0:25:50]} 17. Bg3 {[%clk 0:33:13]} Ngxe5 {[%clk 0:23:25]} 18. Qxe8
{[%clk 0:33:10]} Nxd3+ {[%clk 0:23:45]} 19. Kd2 {[%clk 0:33:27]} Rfxe8
{[%clk 0:23:54]} 20. Kxd3 {[%clk 0:30:02]} f4 {[%clk 0:24:08]}  0-1

[Event "Prague Open 2022 - A IM Open"]
[Site "Olympik hotel, Prague"]
[Date "2022.01.08"]
[Round "3"]
[Board "10"]
[White "Panjer, Sydney"]
[Black "Van Osch, Mees"]
[Result "0-1"]
[WhiteElo "1543"]
[BlackElo "2366"]
[PlyCount "0"]
[EventDate "2022.01.07"]
[EventRounds "9"]
[EventCountry "CZE"]

1. Nf3 {[%clk 1:30:22]} Nf6 {[%clk 1:30:35]} 2. c4 {[%clk 1:30:44]} b6
{[%clk 1:30:40]} 3. g3 {[%clk 1:31:06]} Bb7 {[%clk 1:31:07]} 4. Bg2
{[%clk 1:31:27]} g6 {[%clk 1:31:33]} 5. b3 {[%clk 1:31:01]} Bg7 {[%clk 1:31:58]}
6. Bb2 {[%clk 1:31:21]} O-O {[%clk 1:32:20]} 7. O-O {[%clk 1:31:45]} d6
{[%clk 1:32:08]} 8. d4 {[%clk 1:31:31]} Nbd7 {[%clk 1:25:57]} 9. Nc3
{[%clk 1:27:02]} e5 {[%clk 1:25:52]} 10. d5 {[%clk 1:23:09]} Qe7 {[%clk 1:22:05]}
11. e4 {[%clk 1:20:29]} Ng4 {[%clk 1:18:43]} 12. Bh3 {[%clk 1:19:14]} Ndf6
{[%clk 1:08:15]} 13. Bxg4 {[%clk 1:15:02]} Nxg4 {[%clk 1:08:37]} 14. Ne1
{[%clk 1:14:30]} f5 {[%clk 1:08:29]} 15. Nd3 {[%clk 1:14:29]} Bc8
{[%clk 1:07:15]} 16. Qe2 {[%clk 1:12:58]} Bd7 {[%clk 0:51:37]} 17. f3
{[%clk 1:09:24]} Nf6 {[%clk 0:51:28]} 18. b4 {[%clk 1:04:56]} Bh6
{[%clk 0:48:50]} 19. Bc1 {[%clk 1:00:21]} Bxc1 {[%clk 0:47:31]} 20. Raxc1
{[%clk 0:58:53]} a5 {[%clk 0:42:49]} 21. a3 {[%clk 0:58:14]} h5 {[%clk 0:26:49]}
22. Qe3 {[%clk 0:54:55]} Kg7 {[%clk 0:19:50]} 23. Qg5 {[%clk 0:52:33]} Qf7
{[%clk 0:17:14]} 24. exf5 {[%clk 0:47:20]} Bxf5 {[%clk 0:17:30]} 25. Nf2
{[%clk 0:46:09]} axb4 {[%clk 0:11:54]} 26. axb4 {[%clk 0:46:24]} Ra3
{[%clk 0:11:44]} 27. Nfe4 {[%clk 0:44:57]} Bh3 {[%clk 0:09:00]} 28. Nxf6
{[%clk 0:39:34]} Bxf1 {[%clk 0:03:56]} 29. Nce4 {[%clk 0:39:20]} Rxf3
{[%clk 0:02:57]} 30. Rxf1 {[%clk 0:38:28]} Rxf1+ {[%clk 0:02:56]} 31. Kxf1
{[%clk 0:38:53]} Qe7 {[%clk 0:03:11]} 32. Ke2 {[%clk 0:37:23]} Rxf6
{[%clk 0:03:31]} 33. Nxf6 {[%clk 0:37:31]} Qxf6 {[%clk 0:03:58]} 34. Qd2
{[%clk 0:36:03]} Qf5 {[%clk 0:04:19]} 35. Qa2 {[%clk 0:36:07]} Qe4+
{[%clk 0:03:22]} 36. Kf2 {[%clk 0:36:07]} Qd4+ {[%clk 0:03:47]} 37. Kg2
{[%clk 0:36:17]} Qe4+ {[%clk 0:03:22]} 38. Kf2 {[%clk 0:36:39]} Qd4+
{[%clk 0:03:23]} 39. Kg2 {[%clk 0:37:03]} e4 {[%clk 0:03:33]}  0-1

[Event "Prague Open 2022 - A IM Open"]
[Site "Olympik hotel, Prague"]
[Date "2022.01.08"]
[Round "3"]
[Board "12"]
[White "Czerw, Dawid"]
[Black "Winter, Ondrej"]
[Result "1-0"]
[WhiteElo "2396"]
[BlackElo "2185"]
[PlyCount "0"]
[EventDate "2022.01.07"]
[EventRounds "9"]
[EventCountry "CZE"]

1. d4 {[%clk 1:30:57]} d5 {[%clk 1:30:49]} 2. c4 {[%clk 1:31:22]} dxc4
{[%clk 1:31:11]} 3. Nf3 {[%clk 1:31:47]} Nf6 {[%clk 1:31:36]} 4. e3
{[%clk 1:32:12]} e6 {[%clk 1:32:02]} 5. Bxc4 {[%clk 1:32:15]} a6 {[%clk 1:32:11]}
6. O-O {[%clk 1:32:21]} b5 {[%clk 1:32:09]} 7. Be2 {[%clk 1:30:19]} Bb7
{[%clk 1:32:15]} 8. Nc3 {[%clk 1:28:25]} Nbd7 {[%clk 1:29:16]} 9. b3
{[%clk 1:23:49]} c5 {[%clk 1:27:55]} 10. Bb2 {[%clk 1:24:12]} Be7
{[%clk 1:26:20]} 11. Rc1 {[%clk 1:22:26]} O-O {[%clk 1:23:41]} 12. a4
{[%clk 1:19:50]} b4 {[%clk 1:21:09]} 13. Nb1 {[%clk 1:19:28]} Ne4
{[%clk 1:04:52]} 14. Nbd2 {[%clk 1:12:32]} Nxd2 {[%clk 1:02:30]} 15. Nxd2
{[%clk 1:11:28]} cxd4 {[%clk 0:59:59]} 16. Bxd4 {[%clk 1:11:00]} Bf6
{[%clk 0:56:58]} 17. Nc4 {[%clk 0:59:31]} Bxd4 {[%clk 0:57:13]} 18. Qxd4
{[%clk 0:59:21]} Qg5 {[%clk 0:56:19]} 19. f3 {[%clk 0:52:28]} Rfd8
{[%clk 0:50:35]} 20. e4 {[%clk 0:44:38]} Nc5 {[%clk 0:40:40]} 21. Qb2
{[%clk 0:44:29]} Nd3 {[%clk 0:25:09]} 22. Bxd3 {[%clk 0:42:00]} Rxd3
{[%clk 0:25:35]} 23. Rcd1 {[%clk 0:39:39]} Rad8 {[%clk 0:18:42]} 24. Rxd3
{[%clk 0:35:13]} Rxd3 {[%clk 0:19:10]} 25. Qf2 {[%clk 0:30:05]} Qd8
{[%clk 0:11:54]} 26. Qc5 {[%clk 0:24:03]} Qd4+ {[%clk 0:12:13]} 27. Qxd4
{[%clk 0:24:27]} Rxd4 {[%clk 0:12:40]} 28. Rc1 {[%clk 0:17:59]} Bc6
{[%clk 0:09:49]} 29. Kf2 {[%clk 0:17:19]} f6 {[%clk 0:05:26]} 30. Ke3
{[%clk 0:16:50]} e5 {[%clk 0:05:41]} 31. Nxe5 {[%clk 0:14:36]} fxe5
{[%clk 0:06:06]} 32. Rxc6 {[%clk 0:15:01]} Rd1 {[%clk 0:06:07]} 33. Rc4
{[%clk 0:08:15]} Rb1 {[%clk 0:06:06]} 34. Rxb4 {[%clk 0:08:42]} Rb2
{[%clk 0:06:31]} 35. Rb6 {[%clk 0:07:52]} Rxg2 {[%clk 0:06:50]} 36. Rxa6
{[%clk 0:07:30]} Rxh2 {[%clk 0:07:08]} 37. b4 {[%clk 0:06:38]} Rb2
{[%clk 0:07:24]} 38. b5 {[%clk 0:06:53]} Kf7 {[%clk 0:03:17]} 39. b6
{[%clk 0:05:16]} h5 {[%clk 0:02:43]} 40. a5 {[%clk 0:05:24]} h4 {[%clk 0:01:45]}
41. Ra8 {[%clk 0:05:15]} h3 {[%clk 0:00:46]} 42. Rh8 {[%clk 0:05:26]} h2
{[%clk 0:00:42]} 43. Rxh2 {[%clk 0:05:15]}  1-0

[Event "Prague Open 2022 - A IM Open"]
[Site "Olympik hotel, Prague"]
[Date "2022.01.08"]
[Round "3"]
[Board "13"]
[White "Hrabusa, Matej"]
[Black "Ronce, Nathan"]
[Result "1-0"]
[WhiteElo "2364"]
[BlackElo "2171"]
[PlyCount "0"]
[EventDate "2022.01.07"]
[EventRounds "9"]
[EventCountry "CZE"]

1. d4 {[%clk 1:30:57]} Nf6 {[%clk 1:09:56]} 2. Nf3 {[%clk 1:31:20]} d5
{[%clk 1:08:35]} 3. Bf4 {[%clk 1:31:42]} e6 {[%clk 1:08:15]} 4. e3
{[%clk 1:31:23]} Bd6 {[%clk 1:08:28]} 5. c3 {[%clk 1:28:54]} c5 {[%clk 1:07:14]}
6. Nbd2 {[%clk 1:27:29]} Qc7 {[%clk 1:02:17]} 7. Ne5 {[%clk 1:26:57]} Nc6
{[%clk 0:51:04]} 8. Ndf3 {[%clk 1:26:35]} O-O {[%clk 0:50:55]} 9. Bd3
{[%clk 1:20:27]} Ne4 {[%clk 0:46:50]} 10. O-O {[%clk 1:12:25]} b6
{[%clk 0:25:43]} 11. c4 {[%clk 1:03:30]} Bb7 {[%clk 0:24:05]} 12. cxd5
{[%clk 1:02:20]} exd5 {[%clk 0:24:00]} 13. Rc1 {[%clk 0:58:52]} Rad8
{[%clk 0:20:38]} 14. Nxc6 {[%clk 0:53:17]} Bxc6 {[%clk 0:21:04]} 15. Bxd6
{[%clk 0:52:01]} Rxd6 {[%clk 0:18:48]} 16. Ne5 {[%clk 0:46:58]} Bb7
{[%clk 0:18:11]} 17. b4 {[%clk 0:41:04]} f6 {[%clk 0:15:28]} 18. bxc5
{[%clk 0:40:20]} bxc5 {[%clk 0:15:37]} 19. dxc5 {[%clk 0:38:34]} Nxc5
{[%clk 0:13:25]} 20. Qh5 {[%clk 0:37:15]} f5 {[%clk 0:13:12]} 21. Bxf5
{[%clk 0:33:03]} Rh6 {[%clk 0:12:44]} 22. Qg5 {[%clk 0:33:20]} Kh8
{[%clk 0:11:34]} 23. f4 {[%clk 0:32:25]} Qd6 {[%clk 0:09:29]} 24. Ng4
{[%clk 0:27:24]} Ne6 {[%clk 0:09:49]} 25. Bxe6 {[%clk 0:27:38]} Rxe6
{[%clk 0:10:15]} 26. f5 {[%clk 0:27:34]} Re4 {[%clk 0:09:34]} 27. f6
{[%clk 0:26:26]} g6 {[%clk 0:08:10]} 28. f7 {[%clk 0:18:52]} Re6 {[%clk 0:03:07]}
29. Qh6 {[%clk 0:16:19]} d4 {[%clk 0:02:49]} 30. Nf6 {[%clk 0:15:31]} Rxf7
{[%clk 0:01:56]} 31. Nxh7 {[%clk 0:15:22]} Kg8 {[%clk 0:02:06]} 32. Rxf7
{[%clk 0:13:13]} Kxf7 {[%clk 0:02:32]} 33. Ng5+ {[%clk 0:12:58]} Ke8
{[%clk 0:02:43]} 34. Qh8+ {[%clk 0:12:41]} Kd7 {[%clk 0:02:58]} 35. Nxe6
{[%clk 0:12:25]} Qxe6 {[%clk 0:03:17]} 36. Qxd4+ {[%clk 0:12:06]}  1-0

[Event "Prague Open 2022 - A IM Open"]
[Site "Olympik hotel, Prague"]
[Date "2022.01.08"]
[Round "3"]
[Board "14"]
[White "Sorm, Daniel"]
[Black "Goossens, Hanne"]
[Result "1-0"]
[WhiteElo "2345"]
[BlackElo "2133"]
[PlyCount "0"]
[EventDate "2022.01.07"]
[EventRounds "9"]
[EventCountry "CZE"]

1. d4 {[%clk 1:27:46]} Nf6 {[%clk 1:30:55]} 2. c4 {[%clk 1:27:46]} g6
{[%clk 1:31:15]} 3. Nc3 {[%clk 1:28:11]} d5 {[%clk 1:31:38]} 4. cxd5
{[%clk 1:28:09]} Nxd5 {[%clk 1:32:03]} 5. e4 {[%clk 1:28:34]} Nxc3
{[%clk 1:32:28]} 6. bxc3 {[%clk 1:29:01]} Bg7 {[%clk 1:32:46]} 7. Nf3
{[%clk 1:29:13]} c5 {[%clk 1:32:56]} 8. Bb5+ {[%clk 1:29:37]} Nc6
{[%clk 1:31:57]} 9. Rb1 {[%clk 1:29:20]} O-O {[%clk 1:30:06]} 10. d5
{[%clk 1:29:40]} Bxc3+ {[%clk 1:28:24]} 11. Bd2 {[%clk 1:30:03]} Bxd2+
{[%clk 1:26:47]} 12. Qxd2 {[%clk 1:30:23]} Na5 {[%clk 1:24:02]} 13. h4
{[%clk 1:26:40]} f6 {[%clk 1:18:03]} 14. h5 {[%clk 1:25:08]} g5 {[%clk 1:17:14]}
15. h6 {[%clk 1:19:37]} Kh8 {[%clk 1:04:49]} 16. Qc3 {[%clk 1:01:38]} g4
{[%clk 1:03:08]} 17. Nh4 {[%clk 1:01:49]} b6 {[%clk 1:02:46]} 18. O-O
{[%clk 1:00:00]} Qd6 {[%clk 0:56:23]} 19. f4 {[%clk 0:58:10]} gxf3
{[%clk 0:54:26]} 20. Rxf3 {[%clk 0:58:23]} Rg8 {[%clk 0:36:31]} 21. Rbf1
{[%clk 0:56:02]} Rf8 {[%clk 0:17:20]} 22. e5 {[%clk 0:54:05]} Qxd5
{[%clk 0:17:17]} 23. exf6 {[%clk 0:54:14]} e5 {[%clk 0:16:56]} 24. Rd3
{[%clk 0:50:11]} Qe6 {[%clk 0:15:18]} 25. Re3 {[%clk 0:45:58]} Qd6
{[%clk 0:08:31]} 26. Rxe5 {[%clk 0:38:47]} Bb7 {[%clk 0:08:18]} 27. Nf5
{[%clk 0:30:24]} Qxf6 {[%clk 0:03:17]} 28. Ne7 {[%clk 0:24:47]} Qxh6
{[%clk 0:03:22]} 29. Ref5+ {[%clk 0:23:30]}  1-0

[Event "Prague Open 2022 - A IM Open"]
[Site "Olympik hotel, Prague"]
[Date "2022.01.08"]
[Round "3"]
[Board "15"]
[White "Janous, Marek"]
[Black "Mikes, Jan"]
[Result "0-1"]
[WhiteElo "2096"]
[BlackElo "2332"]
[PlyCount "0"]
[EventDate "2022.01.07"]
[EventRounds "9"]
[EventCountry "CZE"]

1. e4 {[%clk 1:30:51]} c6 {[%clk 1:30:47]} 2. d4 {[%clk 1:31:13]} d5
{[%clk 1:31:13]} 3. exd5 {[%clk 1:30:30]} cxd5 {[%clk 1:29:08]} 4. c4
{[%clk 1:30:56]} Nf6 {[%clk 1:29:31]} 5. Nc3 {[%clk 1:31:20]} Nc6
{[%clk 1:29:49]} 6. Nf3 {[%clk 1:31:43]} Be6 {[%clk 1:30:05]} 7. c5
{[%clk 1:31:50]} a6 {[%clk 1:30:28]} 8. h3 {[%clk 1:31:42]} g6 {[%clk 1:30:24]}
9. Be2 {[%clk 1:31:43]} Bg7 {[%clk 1:30:39]} 10. O-O {[%clk 1:31:46]} O-O
{[%clk 1:30:12]} 11. Bf4 {[%clk 1:30:38]} h6 {[%clk 1:28:42]} 12. a3
{[%clk 1:27:23]} g5 {[%clk 1:26:47]} 13. Bh2 {[%clk 1:26:12]} Ne4
{[%clk 1:27:02]} 14. Na4 {[%clk 1:19:48]} f5 {[%clk 1:25:50]} 15. Ne5
{[%clk 1:09:19]} f4 {[%clk 1:16:24]} 16. Nxc6 {[%clk 1:08:04]} bxc6
{[%clk 1:16:50]} 17. Nb6 {[%clk 1:08:09]} Ra7 {[%clk 1:16:30]} 18. Qa4
{[%clk 1:00:50]} Qe8 {[%clk 1:11:03]} 19. Rfe1 {[%clk 0:54:19]} Bf5
{[%clk 1:07:11]} 20. Rad1 {[%clk 0:43:56]} Qg6 {[%clk 1:06:28]} 21. Qb3
{[%clk 0:29:46]} h5 {[%clk 1:03:55]} 22. Bf1 {[%clk 0:14:13]} Nxf2
{[%clk 0:49:27]} 23. Kxf2 {[%clk 0:12:24]} Bc2 {[%clk 0:48:50]} 24. Qc3
{[%clk 0:10:32]} Bxd1 {[%clk 0:49:13]} 25. Rxd1 {[%clk 0:10:59]} g4
{[%clk 0:49:11]} 26. Be2 {[%clk 0:06:43]} e5 {[%clk 0:45:08]} 27. dxe5
{[%clk 0:06:28]} Re7 {[%clk 0:45:32]} 28. Qd3 {[%clk 0:05:38]} g3+
{[%clk 0:45:19]} 29. Kg1 {[%clk 0:05:49]} gxh2+ {[%clk 0:45:24]} 30. Kxh2
{[%clk 0:06:17]} Qg3+ {[%clk 0:45:32]} 31. Qxg3 {[%clk 0:06:14]} fxg3+
{[%clk 0:45:57]} 32. Kg1 {[%clk 0:06:30]} Bxe5 {[%clk 0:45:49]}  0-1

[Event "Prague Open 2022 - A IM Open"]
[Site "Olympik hotel, Prague"]
[Date "2022.01.08"]
[Round "3"]
[Board "16"]
[White "Kulhanek, Tomas"]
[Black "Pham, Khoi"]
[Result "1/2-1/2"]
[WhiteElo "2324"]
[BlackElo "2114"]
[PlyCount "0"]
[EventDate "2022.01.07"]
[EventRounds "9"]
[EventCountry "CZE"]

1. e4 {[%clk 1:30:57]} c5 {[%clk 1:30:57]} 2. Nf3 {[%clk 1:31:15]} Nc6
{[%clk 1:31:23]} 3. c3 {[%clk 1:30:41]} Nf6 {[%clk 1:30:55]} 4. e5
{[%clk 1:29:37]} Nd5 {[%clk 1:31:15]} 5. d4 {[%clk 1:29:55]} cxd4
{[%clk 1:31:40]} 6. cxd4 {[%clk 1:30:12]} d6 {[%clk 1:31:59]} 7. Bc4
{[%clk 1:30:30]} Nb6 {[%clk 1:32:23]} 8. Bb5 {[%clk 1:30:54]} Bd7
{[%clk 1:30:03]} 9. exd6 {[%clk 1:30:44]} e6 {[%clk 1:30:05]} 10. Bg5
{[%clk 1:27:37]} f6 {[%clk 1:28:55]} 11. Be3 {[%clk 1:15:35]} Bxd6
{[%clk 1:29:10]} 12. Nc3 {[%clk 1:15:57]} O-O {[%clk 1:19:37]} 13. d5
{[%clk 1:11:22]} Nb4 {[%clk 0:46:31]} 14. Bxd7 {[%clk 1:04:38]} Qxd7
{[%clk 0:46:47]} 15. dxe6 {[%clk 1:04:57]} Qxe6 {[%clk 0:46:39]} 16. O-O
{[%clk 1:05:03]} Nc4 {[%clk 0:36:13]} 17. Qb3 {[%clk 1:00:37]} Rfe8
{[%clk 0:34:26]} 18. Bd4 {[%clk 0:56:19]} Nc6 {[%clk 0:32:06]} 19. Nb5
{[%clk 0:48:46]} a6 {[%clk 0:26:56]} 20. Nxd6 {[%clk 0:35:16]}  1/2-1/2

[Event "Prague Open 2022 - A IM Open"]
[Site "Olympik hotel, Prague"]
[Date "2022.01.08"]
[Round "3"]
[Board "17"]
[White "Adamko, Peter"]
[Black "Mannion, Stephen R"]
[Result "0-1"]
[WhiteElo "2113"]
[BlackElo "2271"]
[PlyCount "0"]
[EventDate "2022.01.07"]
[EventRounds "9"]
[EventCountry "CZE"]

1. e4 {[%clk 1:30:53]} e5 {[%clk 1:30:55]} 2. Nf3 {[%clk 1:31:18]} Nc6
{[%clk 1:31:17]} 3. Bb5 {[%clk 1:30:22]} a6 {[%clk 1:31:42]} 4. Ba4
{[%clk 1:29:11]} Nf6 {[%clk 1:32:05]} 5. O-O {[%clk 1:29:19]} Be7
{[%clk 1:32:27]} 6. Re1 {[%clk 1:29:36]} b5 {[%clk 1:32:39]} 7. Bb3
{[%clk 1:30:03]} d6 {[%clk 1:33:02]} 8. c3 {[%clk 1:27:24]} O-O {[%clk 1:33:12]}
9. d3 {[%clk 1:14:34]} Na5 {[%clk 1:32:47]} 10. Bc2 {[%clk 1:14:55]} c5
{[%clk 1:33:10]} 11. Nbd2 {[%clk 1:14:16]} Re8 {[%clk 1:33:29]} 12. Nf1
{[%clk 1:10:05]} h6 {[%clk 1:33:41]} 13. Ng3 {[%clk 1:08:06]} Bf8
{[%clk 1:29:21]} 14. h3 {[%clk 1:05:23]} g6 {[%clk 1:24:27]} 15. d4
{[%clk 0:55:54]} exd4 {[%clk 1:17:11]} 16. cxd4 {[%clk 0:56:17]} Bb7
{[%clk 1:17:32]} 17. Bd2 {[%clk 0:44:56]} cxd4 {[%clk 1:06:57]} 18. Nxd4
{[%clk 0:43:50]} Nc4 {[%clk 1:05:52]} 19. Bc3 {[%clk 0:42:33]} Rc8
{[%clk 0:59:44]} 20. a4 {[%clk 0:39:48]} b4 {[%clk 0:59:06]} 21. Bxb4
{[%clk 0:39:14]} Nxb2 {[%clk 0:59:00]} 22. Qb1 {[%clk 0:36:14]} Nc4
{[%clk 0:59:12]} 23. Qb3 {[%clk 0:33:45]} Qb6 {[%clk 0:51:10]} 24. a5
{[%clk 0:28:48]} Qa7 {[%clk 0:43:40]} 25. Nf3 {[%clk 0:26:26]} Nd7
{[%clk 0:25:41]} 26. Rad1 {[%clk 0:24:12]} Nde5 {[%clk 0:24:39]} 27. Nxe5
{[%clk 0:23:28]} Rxe5 {[%clk 0:24:32]} 28. Bd3 {[%clk 0:22:47]} Nxa5
{[%clk 0:24:11]} 29. Bxa5 {[%clk 0:20:44]} Rxa5 {[%clk 0:24:34]} 30. e5
{[%clk 0:19:37]} Bd5 {[%clk 0:22:57]} 31. Qb1 {[%clk 0:15:21]} Rb8
{[%clk 0:21:49]} 32. Qc1 {[%clk 0:15:32]} dxe5 {[%clk 0:19:35]} 33. Be4
{[%clk 0:07:34]} Be6 {[%clk 0:19:34]} 34. Re2 {[%clk 0:06:54]} Rc8
{[%clk 0:19:02]} 35. Qb1 {[%clk 0:06:44]} Rb5 {[%clk 0:18:38]} 36. Rb2
{[%clk 0:05:12]} Rxb2 {[%clk 0:15:34]} 37. Qxb2 {[%clk 0:05:37]} Bc5
{[%clk 0:15:50]} 38. Qxe5 {[%clk 0:03:57]} Bxf2+ {[%clk 0:16:07]} 39. Kh2
{[%clk 0:02:41]} Qe3 {[%clk 0:10:31]} 40. Nf1 {[%clk 0:01:38]} Qe2
{[%clk 0:07:13]} 41. Rb1 {[%clk 0:29:44]} Bf5 {[%clk 0:37:07]} 42. Rb8
{[%clk 0:29:49]} Qxf1  0-1